000 00558nam a2200217Ia 4500
003 OSt
005 20220928135623.0
006 a|||||r|||| 00| 0
007 ta
008 220927b |||||||| |||| 00| 0 eng d
024 _a3952
037 _cTextual
040 _aSDCL
_cSDCL
_beng
041 _2eng
_aeng
082 _aO-,1M65:g, L5
100 _aYoung Dudley
_9492177
245 0 _aOut of Ireland
_b A reading of Yeats's poetry
260 _c1975
942 _hO-,1M65:g, L5
_cTEXL
_2CC
999 _c807660
_d807660